000 00552nam a22001697a 4500
003 MACL
005 20160113143822.0
008 160113b xxu||||| |||| 00| 0 eng d
040 _cMACL
041 _aHindi
082 _a001
100 _aइॉ. शर्मा
_931849
245 _aमघ्‍यप्रदेश जिला दर्शन एवं सामान्‍य ज्ञान
260 _aआगरा
_bउपकार प्रकाशन
650 _aसामान्‍यज्ञान
_931599
942 _2ddc
_cHIN
999 _c52153
_d52153